• 首页
  • 本馆介绍
  • 公告通知
  • 最新文献
  • 馆藏检索
  • 电子资源
  • 读者导购
  • 参考咨询
  • 我的图书馆
  • 登录
  • 详细信息显示
  • 放入我的书架
  • 预约/预借图书
  • 作者相关作品
  • 分类相关作品
  • 丛书相关作品
  • 出版社相关作品

书目信息

  • 表格格式
  • 工作单格式
  • 卡片格式
题名:
现代地理科学词典
    
 
作者: 刘敏 , 方如康 主编
分册:  
出版信息: 北京   科学出版社  2009.01
页数: 822页
开本: 21cm
丛书名: 科学版词典系列
单 册:
中图分类: K90-61
科图分类:
主题词: 地理学--词典 , 地理学
电子资源:
ISBN: 978-7-03-021404-1
000 01067oam2 2200301 450
001 012009008530
005 20091208161136.93
010    @a978-7-03-021404-1@dCNY88.00
100    @a20090209d2009 em y0chiy0110 ea
101 0  @achi
102    @aCN@b110000
105    @aak e 001yy
106    @ar
200 1  @a现代地理科学词典@9xian dai di li ke xue ci dian@f刘敏,方如康主编
210    @a北京@c科学出版社@d2009.01
215    @a822页@c图@d21cm
225 2  @a科学版词典系列
320    @a有索引
330    @a本词典内容涉及地理科学综论、自然地理学、地球概论、地质学、地貌学、气象气候学、水文地理学、生物地理学、土壤地理学、海洋地理学、环境地理学、化学地理学、医学地理学、灾害地理学、军事地理学、历史地理学等地理科学各方面的词目共4600余条。
461  0 @12001 @a科学版词典系列
510 1  @aDictionary of modern geography science@zeng
606 0  @a地理学@j词典
606 0  @a地理学
690    @aK90-61@v4
701  0 @a刘敏@9liu min@4主编
701  0 @a方如康@9fang ru kang@4主编
801  0 @aCN@bRENTIAN@c20091208
905    @b20795202-06@dK90-61@e181@f5
    
    现代地理科学词典/刘敏,方如康主编.-北京:科学出版社,2009.01
    822页:图;21cm.-(科学版词典系列)
    
    
    ISBN 978-7-03-021404-1:CNY88.00
    本词典内容涉及地理科学综论、自然地理学、地球概论、地质学、地貌学、气象气候学、水文地理学、生物地理学、土壤地理学、海洋地理学、环境地理学、化学地理学、医学地理学、灾害地理学、军事地理学、历史地理学等地理科学各方面的词目共4600余条。
●
相关链接 在E读中查询图书 在五车中查询图书 在当当中查询图书 在豆瓣中查询图书


正题名:现代地理科学词典     索取号:K90-61/181         预约/预借

序号 登录号 条形码 馆藏地/架位号 状态 备注
1 795202   207952027   第二样本阅览室/ [索取号:K90-61/181] 在馆    
2 795203   207952036   第二借阅区/ [索取号:K90-61/181] 在馆    
3 795204   207952045   第二借阅区/ [索取号:K90-61/181] 在馆    
4 795205   207952054   第二借阅区/ [索取号:K90-61/181] 在馆    
5 795206   207952063   密集书库-资源管理系/ [索取号:K90-61/181] 在馆    
唐山师范学院图书馆 欢迎您!
大连网信软件有限公司© 版权所有